000 00468nam a2200133Ia 4500
008 220217s9999 xx 000 0 und d
245 0 _aStyrene-butadiene rubber (SBR)- Determination of the microstructure of solution-polymerized SBR
260 _aGeneva, Switzerland
260 _c2005
_bInternational Organization for Standardization
490 _aINTERNATIONAL STANDARDS
500 _aStandard number: ISO 21561
650 _aSTYRENE-BUTADIENE RUBBER
942 _cST
999 _c74072
_d74072